[Event "Nordic-ch VISA"]
[Site "Reykjavik"]
[Date "1997.10.10"]
[Round "3"]
[White "Hjartarson, Johann"]
[Black "Stefansson, Hannes"]
[Result "1-0"]
[WhiteElo "2605"]
[BlackElo "2545"]
[Annotator "Hjartarson,J"]
[PlyCount "73"]
[EventDate "1997.10.08"]
[EventType "tourn"]
[EventRounds "13"]
[EventCountry "ISL"]
[EventCategory "10"]
[SourceTitle "CBM 062"]
[Source "ChessBase"]
[SourceDate "1998.01.31"]
[SourceVersion "1"]
[SourceVersionDate "1998.01.31"]
[SourceQuality "1"]

{Wedberg: A fine game by Hjartarson. An opening novelty followed by active
play and a nice final combination gives him the victory.} 1. e4 {Wedberg
Tisdall} e5 2. Nf3 Nc6 3. Bb5 a6 4. Ba4 Nf6 5. O-O b5 6. Bb3 Bc5 7. a4 {
Tisdall: The move that was most clearly fashionable, having just featured in
the game J. Polgar-Shirov just a day or so before.} Rb8 {Tisdall: Stefansson
follows Shirov's lead, though} (7... Bb7 {Tisdall seems to be marginally more
popular.}) 8. axb5 axb5 9. Nxe5 Nxe5 10. d4 Bxd4 11. Qxd4 d6 12. f4 Nc6 13. Qc3
Ne7 14. e5 {A surprise - one presumed that white would follow Judit's success
against Shirov a while longer - but black's position was not so bad there
really, and Johann decides to deviate first.} (14. Ra7 c5 (14... Bb7 $5 {
Tisdall} 15. f5 O-O 16. Bg5 Nxe4 17. Qe3 Nxg5 18. Qxg5 d5 19. f6 Ng6 20. h4 c5
21. h5 c4 22. Kh1 cxb3 23. hxg6 hxg6 24. cxb3 Re8 25. Nd2 d4 26. Qh4 gxf6 27.
Qh6 Re5 28. Kg1 d3 {0-1 Ye Jiangchuan-Tkachiev,V/Geneva Open 1997}) 15. e5 Nfd5
16. Bxd5 Nxd5 17. Qg3 O-O 18. Nc3 Ne7 $2 (18... Nxc3 $11) (18... Nxc3 $142 {
Tisdall}) 19. exd6 Nf5 $2 (19... Nc6 20. Rc7 Qxd6 21. f5 Qxg3 22. hxg3 Nd4 23.
Rxc5 $14) 20. Qf2 $16 Qb6 21. Rc7 Nd4 22. f5 b4 23. f6 g6 24. Nd5 Qxd6 25. Ne7+
Kh8 26. Bh6 {1-0 Polgar,J-Shirov,A/Fontys 1997}) (14. Qd3 {Tisdall} O-O 15. Nc3
c5 16. Nxb5 Nxe4 17. Qxe4 Rxb5 18. Ra7 c4 19. Bxc4 d5 20. Qxe7 dxc4 21. Qxd8
Rxd8 22. Ra8 Rf8 23. Ra4 Be6 24. f5 Bd5 25. Re1 h5 26. h3 Rc8 27. Kh2 h4 28. f6
gxf6 29. b3 f5 30. bxc4 {Tisdall: 1/2-1/2 Kasparov,G-Topalov,V/Novgorod 1997
was of considerable theoretical importance.}) 14... Ne4 15. Qe1 $146 {Tisdall:
This looks better than Wedberg: In many ways a more natural square for the Q
than e3, as in the previously played game.} (15. Qe3 Nc5 (15... Nc5 16. exd6
Qxd6 17. Re1 Nxb3 18. cxb3 Be6 19. Nc3 O-O $11 {1/2-1/2 Illescas Cordoba,
M-Shirov,A/Torneo Magistral 6th 1997 (35)} (19... O-O {Tisdall} 20. Ne4 Qd5 {
Tisdall: was satisfactory for black in Illescas Cordoba-Shirov, Madrid 1997 (1/
2-1/2, 35). Hjartarson's move allows him to operate quite actively without the
queen coming into annoying contact with the Ne7.} (20... Qd5 {Wedberg} 21. Bd2
Nf5 $11 {1/2-1/2 Illescas Cordoba,M-Shirov,A/Torneo Magistral 6th 1997/CBM 59/
[Fritz5] (35)})))) 15... Nc5 16. Ba2 (16. f5 Nxb3 17. cxb3 dxe5 18. Qxe5 f6 $11
) (16. Nd2 Nxb3 17. Nxb3 O-O $11) 16... O-O (16... b4 17. Bc4 (17. f5 $1 {
Tisdall launches a frightening initiative.}) 17... d5 (17... O-O 18. Be3 $14)
18. Be3 $14) 17. b4 $1 Na4 (17... dxe5 $5 18. Qxe5 (18. Nc3 $5 {Tisdall is a
sharp and intriguing way to try and steer play back towards the game.} Qd4+ $6
(18... Na6 $1 {Tisdall: avoiding the complications may be best, though white's
bishop pair and the misplaced knight on a6 give him definite compensation.})
19. Be3 Qxb4 20. Rb1 $1 (20. Nd5 $2 Nxd5 21. Qxb4 Nxb4 22. Bxc5 Nxa2 (22...
Nxc2 23. Rad1 (23. Rac1 Nd4) 23... Nd4 (23... Re8 24. fxe5 Be6 25. Bxe6 Rxe6
26. Rf2) 24. Bxf8 Kxf8 25. fxe5 Ne6 26. Rc1 $11) 23. Bxf8 Nc3 24. Bb4 Ne2+ 25.
Kh1 Nxf4 26. Bd2 Nd5 27. Ra7 $15) 20... Qa3 21. Nxb5 Qxa2 22. Bxc5 {Tisdall:
and white has tremendous pressure:} Ba6 $5 (22... Qe6 23. Qxe5 Qxe5 24. fxe5
Rxb5 25. Rxb5 Ba6 26. Bxe7 Bxb5 27. Rb1 $18) 23. Bxe7 Rfe8 24. Qxe5 Bxb5 25.
Rxb5 Qa7+ 26. Rc5 c6 27. Re1 Rb7 28. Ra1 $1 Qb6 29. Qd6 $18) (18. Bb2 Na4 19.
Bxe5 Ng6 {and}) 18... Na4 19. c3 $14) 18. Nc3 dxe5 19. Nxa4 bxa4 20. fxe5 Nc6
$2 (20... Qd4+ $2 21. Be3 Qxe5 22. Bc5 $18) (20... c5 $1 $11 21. bxc5 $1 (21.
Qf2 cxb4 (21... Ba6 $2 22. Bxf7+ Kh8 23. Re1 Bc4 24. e6 Bxe6 25. Rxe6 Rxf7 26.
Qxf7 Qd4+ 27. Kf1 Qxa1 28. Rxe7 Qxc1+ 29. Re1 $18) 22. Bxf7+ Kh8 23. Bg5 Be6
24. Qc5 Rxf7 $11) (21. e6 fxe6 22. Bxe6+ Kh8 23. Rxf8+ Qxf8 24. Rxa4 Bxe6 25.
Qxe6 cxb4 $11) 21... Qd4+ (21... Nc6 22. e6 fxe6 23. Bxe6+ Kh8 24. Bxc8 Rxf1+
25. Kxf1 Rxc8 26. Rxa4 $16) 22. Be3 Qxe5 23. Qf2 $14) (20... Rb6 {Wedberg} 21.
Be3 Rg6 22. Rd1 Qe8 23. Bc5 Bb7 24. Rf2 $16) 21. c3 $16 {Tisdall: Now white's
bishop pair are rather intimidating.} Qe7 (21... Be6 $5 {Tisdall Tisdall:
hoping to give up a pawn for some white squares is best met by} 22. Bb1 $1 {
Tisdall: threatening Qe4 and the a-pawn.}) 22. Bd5 $2 (22. Qg3 $1 Kh8 (22...
Bb7 23. Bh6 Qxe5 24. Bf4 $16) 23. Be3 $16) 22... Bd7 $1 (22... Nxe5 23. Bf4 $1
Ng6 $8 24. Qxe7 Nxe7 25. Bxc7 Nxd5 26. Bxb8 Ba6 27. Rf5 $18 (27. Rf5 {Wedberg}
Nxc3 28. Be5 $16)) (22... Bb7 23. e6 $16) 23. Rxa4 Nxe5 24. Ra5 Kh8 (24... Bb5
$2 25. c4 c6 26. Be4 $1 f5 27. Bxc6 $1 Nxc6 (27... Bxc6 28. Rxe5 Qxb4 29. Qxb4
Rxb4 30. Ba3 $18) 28. Qxe7 Nxe7 29. Rxb5 $16) (24... Rb5 $5 25. Qe4 $1 Rxa5 26.
bxa5 c6 27. Bb3 Qc5+ 28. Qd4 Qxa5 29. Bf4 Ng6 30. Bd6 $16) 25. Qg3 {Tisdall:
Hjartarson exploits the initiative granted by his bishops simply and
energetically.} Rfe8 26. Bf4 f6 27. h3 {Wedberg: White has a pretty clear
advantage, even though Blacks N on e5 gives his position some stability.} Bb5 (
27... Rb5 $5 {Tisdall Tisdall: looks better, to get a pair of rooks off.}) 28.
Rfa1 Qd7 (28... g5 $5 {Wedberg Wedberg: Something's got to be done about the
mounting pressure.} 29. Bxe5 (29. Be3 Nf3+ 30. Qxf3 Qxe3+ 31. Qxe3 Rxe3 32. c4
Be8 33. Ra8 Rxa8 34. Rxa8 Kg7 $14) 29... Qxe5 30. Qxe5 Rxe5 31. c4 Be8 32. Ra7
$14) 29. Bb3 Qc6 {Tisdall: A natural attempt to get a rook to the d-line and
to hinder the possibility of c4, unfortunately for black, c4 is now incredibly
strong if it can just be arranged.} 30. Kh1 {Tisdall: By preventing checks or
pins from the queen, white gains the possibilities of both Rc5 and Rc1 to
support the c4 advance, and now black's position caves in.} Rbd8 $2 (30... Nd3
{Wedberg} 31. Bxc7 Rbc8 32. c4 Qxc7 (32... Bxc4 33. Ba4 Qxc7 34. Qxc7 Rxc7 35.
Bxe8 Nxb4 36. R1a4 Nd3 37. Bb5 $18) 33. Qxc7 Rxc7 34. Rxb5 $16) 31. Bxe5 $1 {
Wedberg: This surprising trade starts favourable tactics against Bb5. The key
move in all variations is c3-c4.} Rd3 (31... Rxe5 32. c4 Bxc4 (32... Rg5 33.
Qf2 $1 Bxc4 (33... Qe6 34. Re1 Qg8 35. h4 Rh5 36. Bd1 $18) 34. Rxg5 Bxb3 35.
Rc5 $16) 33. Rxe5 fxe5 34. Rc1 Rd4 35. Qxe5 (35. Qc3 Rg4 36. hxg4 (36. Rc2 $18
{Tisdall}) 36... Qh6+ 37. Kg1 Qb6+ $11) 35... Rd2 36. Qg3 Rd4 37. Qf2 $18) 32.
Qh4 (32. Qxd3 $1 Bxd3 33. Ba4 $18) 32... Rd2 (32... fxe5 33. Bc2 Qxc3 (33... e4
{Tisdall} 34. Bxd3 Bxd3 (34... exd3 35. Qh5) 35. Qh5 $1 {Tisdall: threatening
Qxe8+ and also seizing the fifth rank wins.}) 34. Bxd3 Qxd3 35. Ra8 h6 36.
Rxe8+ Bxe8 37. Ra8 Qb5 38. Qe4 $18) 33. Rg1 {Tisdall: Now c4 cannot be stopped.
} (33. Qg4 $18) 33... fxe5 (33... Bf1 34. Qg3 $18) (33... Rxe5 {Wedberg} 34. c4
Bxc4 35. Rxe5 fxe5 36. Qxc4 $18) 34. c4 Rd4 35. cxb5 Qd6 (35... Qxg2+ 36. Kxg2
Rxh4 37. Rga1 $18) 36. Qh5 g6 37. Qg5 1-0

[Event "Bundesliga 0607"]
[Site "Germany"]
[Date "2007.02.03"]
[Round "8.4"]
[White "Luther, Thomas"]
[Black "Hracek, Zbynek"]
[Result "1/2-1/2"]
[WhiteElo "2594"]
[BlackElo "2614"]
[Annotator "Hracek/Meyer,CD"]
[PlyCount "87"]
[EventDate "2006.10.28"]
[EventType "team-tourn"]
[EventRounds "15"]
[EventCountry "GER"]
[SourceTitle "CBM 118"]
[Source "ChessBase"]
[SourceDate "2007.05.31"]
[SourceVersion "1"]
[SourceVersionDate "2007.05.31"]
[SourceQuality "1"]
[WhiteTeam "Kreuzberg"]
[BlackTeam "Werder Bremen"]
[WhiteTeamCountry "GER"]
[BlackTeamCountry "GER"]

1. e4 e5 2. Nf3 Nc6 3. Bb5 a6 4. Ba4 Nf6 5. O-O Bc5 {("Möller")} (5... b5 6.
Bb3 Bc5 (6... Bb7 {("Archangelsk")}) 7. c3 {ist Zugumstellung zu unserer
Partie.}) 6. c3 b5 {Eine Mischung aus "Möller-" und "Archangelsk-Variante",
mit der sich seit den 90er Jahren besonders der aus der Ukraine stammende
Großmeister Alexander Onischuk hervorgetan hat.} 7. Bc2 ({Ein ganz anderes
Thema ist} 7. Bb3 {, z.B.} d6 8. a4 (8. d4 Bb6 9. Bg5 Bg4 $2 10. Bd5 $1 Bd7 11.
a4 $1 h6 $2 12. Bxf6 gxf6 13. axb5 axb5 14. Rxa8 Qxa8 $16 {1:0/60, Hracek,Z 
(2630)-Onischuk,A (2580), Bundesliga 1997}) 8... Rb8 9. d4 Bb6 10. axb5 axb5
11. Na3 O-O {(nebst dem für diese Variante ebenso typischen wie umstrittenen
Opfer des Bauern b5)} 12. Nxb5 Bg4 13. d5 (13. Bc2 Bxf3 14. gxf3 Nh5 15. Kh1
Qf6 16. Ra4 Ne7 17. Rg1 Ng6 18. Bg5 Qe6 19. Bd3 Nhf4 20. Bf1 c6 $1 21. Na3 d5
22. exd5 cxd5 23. Nc2 Ra8 24. Ne3 Rxa4 25. Qxa4 exd4 26. cxd4 Bc7 27. Qa7 Bb8
28. Qa6 Qxa6 29. Bxa6 $13 {0:1/98, Kosintseva,N (2472)-Lahno,K (2449)/
Krasnoturyinsk 2006}) 13... Ne7 14. Bc2 Qd7 15. c4 Ng6 16. h3 Bxh3 17. gxh3
Qxh3 18. Ng5 Qg3+ 19. Kh1 Qh4+ 20. Kg2 h6 21. Nh3 Nxe4 22. Qe2 f5 23. Ra3 $16 {
1:0/45, Karjakin,S (2672)-Radjabov,T (2729)/Cap d'Agde 2006}) 7... d5 {Auch
mit dieser Variante habe ich auf beiden Seiten des Brettes schon einige
Erfahrungen gesammelt. (ZH)} 8. d4 ({Beliebter als} 8. exd5 Qxd5 {, z.B.} 9. d3
Bg4 10. Nbd2 O-O 11. Qe2 Rad8 12. Ne4 Nxe4 13. dxe4 Qd6 14. b4 Bb6 15. a4 Qf6
16. h3 Bxf3 17. Qxf3 Qxf3 18. gxf3 Rd6 19. Rd1 Rfd8 20. Rxd6 Rxd6 21. axb5 axb5
22. Kf1 Kf8 23. Ke2 Nd8 24. Bd3 Bxf2 25. Bxb5 Bg3 26. Ra8 Ke7 27. Bg5+ f6 28.
Be3 Ne6 29. Re8+ Kf7 30. Rc8 Rd8 31. Rxd8 Nxd8 32. Ba7 Ne6 33. Bc4 Ke7 34. Bxe6
Kxe6 35. b5 g6 36. c4 Kd7 37. Bc5 f5 38. Kd3 Kc8 39. Be7 Kb7 {remis, Nisipeanu,
L (2696)-Hracek,Z (2605)/Sibenik 2006}) 8... dxe4 9. Nxe5 {Es scheint wohl
nichts Besseres als dieses Abspiel zu geben, zumindest habe ich nichts
gefunden. (ZH)} (9. dxe5 $5 exf3 (9... Qxd1 10. Rxd1 Bxf2+ 11. Kf1 $1 exf3 (
11... Ng4 12. Bxe4 $14) 12. exf6 $16 {Topalov-Shirov, 2001}) 10. Qxd8+ Nxd8 11.
exf6 gxf6 (11... fxg2 $1) 12. Re1+ Be7 13. g3 Bb7 14. Nd2 Ne6 15. Bd1 O-O-O 16.
Bxf3 $14 {Hracek-Onischuk, Torino (ol) 2006}) 9... Nxe5 10. dxe5 Qxd1 11. Rxd1
Ng4 12. Bxe4 Nxf2 (12... Rb8 13. Bc6+ Ke7 14. Bg5+ Ke6 15. Bh4 Nxe5 16. Bd5+
Kf5 17. Nd2 $13 {ist riskant für Schwarz, wie die Partie Shirov-Ivanchuk,
Monte Carlo 1998, gezeigt hat, 1:0/57.}) 13. Bc6+ Ke7 14. Rd5 Bb6 15. Bxa8 Nd3+
16. Kf1 Nxc1 17. Na3 Be6 18. Rxc1 Rxa8 19. Rd3 ({Nach} 19. Rdd1 {ist} Bg4 (
19... Bxa2 20. c4 b4 21. Rd3 Rd8 22. Rxd8 bxa3 23. Rd2 Be3 24. bxa3 Bxd2 25.
Rc2 Bf4 26. Rxa2 $14) (19... Be3 20. Ra1 Bf4 21. g3 Bxe5 22. Nc2 c5 23. Ne1 Bd6
24. Nd3 Rd8 25. Nf4 Bg4 26. Rd2 $14) 20. Rd3 Bf5 {Zugumstellung zur Partie.})
19... Bf5 20. Rdd1 ({Auf} 20. Rg3 $6 {folgt} Rd8 $1 ({jedoch nicht} 20... Ke6
$6 21. Nc2 Rd8 (21... c5 22. Rd1) 22. Nd4+ Bxd4 23. cxd4 Rxd4 24. a3 (24. Rxc7)
)) 20... Be3 21. Ra1 Bf4 22. g3 Bxe5 23. Rd2 {In dieser Stellung hat Onischuk
zwei Mal ...Rd8 gezogen, aber ich meine, daß auch mein folgender Zug völlig
okay ist. (ZH)} h5 (23... Rd8 24. Ke2 (24. Ke1 h5 25. Nc2 Bxc2 26. Rxc2 h4 27.
Re2 Kf6 28. gxh4 Rh8 29. h3 Rxh4 30. Re3 b4 31. Ke2 bxc3 32. bxc3 Rc4 33. Rf1+
Ke6 34. Rc1 f6 35. Kd3 Kd5 36. Kc2 g5 37. Rd1+ Kc5 38. Rd8 a5 39. Re8 Kb5 40.
R8xe5+ {remis, Zhang Zhong (2636)-Onischuk,A (2627)/Beijing 2000}) 24... Bg4+
25. Ke3 Bd6 26. Nc2 f5 27. Nd4 Rf8 28. Rf1 g5 29. Rdf2 f4+ 30. gxf4 Bxf4+ 31.
Rxf4 gxf4+ 32. Rxf4 Rg8 33. Nc6+ Ke6 34. Nb4 a5 35. Nc6 b4 36. cxb4 axb4 37.
Nxb4 c5 38. Nd3 Kd5 39. Re4 (39. b4 $142) 39... Kd6 40. Rc4 Re8+ 41. Re4 Rg8
42. Rc4 Re8+ 43. Kf4 Be2 {remis/78, Shirov,A (2751)-Onischuk,A (2637)/Germany
2000}) 24. Nc2 Bxc2 25. Rxc2 f6 {Tatsächlich ist erst dieser Zug eine
Neuerung! Zwar ist das Endspiel nach Computeranalyse günstiger für Weiß, aber
den Vorteil zu realisieren ist beinahe unmöglich. (ZH)} (25... Rh8 26. Re1 Ke6
27. c4 b4 $11 {Hracek-Delchev, CRO-chT 2006, remis/33}) 26. a4 Rb8 27. axb5
axb5 28. Ra6 {Nach diesem Zug bot Thomas remis an. Natürlich ist die Position
etwa ausgeglichen, aber ein paar Züge wollte ich noch machen. (ZH)} b4 29. cxb4
Rxb4 30. Rac6 Kd7 31. R6c4 Rb3 32. Rd2+ Ke6 33. Rcc2 Kf5 34. Kg2 g5 35. Rf2+
Kg6 36. Rf3 Rxb2 37. Rxb2 Bxb2 38. Rb3 Bd4 39. Rb8 g4 40. Kf1 c5 41. Rg8+ Kf5
42. Rh8 Kg6 43. Rg8+ Kf7 44. Rc8 1/2-1/2

[Event "Madrid Magistral 6th"]
[Site "Madrid"]
[Date "1997.05.26"]
[Round "5"]
[White "Polgar, Judit"]
[Black "Illescas Cordoba, Miguel"]
[Result "0-1"]
[WhiteElo "2645"]
[BlackElo "2635"]
[Annotator "Illescas Cordoba,M"]
[PlyCount "96"]
[EventDate "1997.06.??"]
[EventType "tourn"]
[EventRounds "9"]
[EventCountry "ESP"]
[EventCategory "17"]
[SourceTitle "CBM 059"]
[Source "ChessBase"]
[SourceDate "1997.08.01"]
[SourceVersion "1"]
[SourceVersionDate "1997.08.01"]
[SourceQuality "1"]

1. e4 {Cifuentes} e5 2. Nf3 Nc6 3. Bb5 a6 4. Ba4 Nf6 5. O-O Bc5 6. c3 b5 7. Bc2
$5 (7. d4 {Cifuentes} bxa4 8. dxc5 Nxe4 (8... Qe7 9. Qxa4 Qxc5 10. Na3 O-O 11.
Bg5 Rb8 12. Rad1 Rxb2 13. Nc4 Rb5 14. Bxf6 gxf6 15. Rd5 Qa7 16. Ne3 Qb6 17. Nh4
Ne7 18. Qd1 Rxd5 19. exd5 f5 20. Nhxf5 Nxf5 21. Nxf5 Qf6 22. Ne3 d6 23. Qa4 Qg7
24. Qc4 f5 25. f4 exf4 26. Rxf4 Qe5 27. Qd4 Bd7 28. h3 {Fernandez Garcia,
J-Izeta,F/Salamanca (04) ;CBM 18 1990/1/2-1/2 (45)}) 9. Nxe5 Nxe5 10. Qd5 Bb7
$5 (10... Nxc5) 11. Qxe5+ (11. Qxb7 Nxc5 12. Qd5 d6 13. Bf4 c6 $1) 11... Qe7
12. Qxc7 Nxc5 13. Be3 Rc8 14. Bxc5 Rxc7 15. Bxe7 Kxe7 16. Re1+ Kf6 17. Rd1 Re8
18. Na3 Re2 19. Rd6+ Ke7 20. Rb6 Be4 21. Rxa6 Rb7 22. Rxa4 Rbxb2 23. Nc4 Bb1
24. g4 Rxa2 25. R4xa2 Bxa2 26. Ne3 {1/2-1/2 Short,N-Ivanchuk,V/Novgorod 67/
(428) 1996}) 7... d6 (7... Qe7 {Cifuentes} 8. d4 Bb6 9. a4 Bb7 10. axb5 axb5
11. Rxa8+ Bxa8 12. Bg5 h6 13. Bh4 O-O 14. Na3 Bb7 15. Re1 Ba6 16. Bd3 b4 17.
Nc4 Bxc4 18. Bxc4 bxc3 19. bxc3 d6 20. Qa4 Nd8 21. dxe5 dxe5 22. Bg3 Nd7 23.
Bb5 Nb7 24. Bxd7 Nc5 25. Qb4 Qxd7 26. Nxe5 Qd2 27. Nf3 $16 {Franzen,J-Kukacka,
M/Ceske Budejovice op 1994}) (7... O-O $2 {Cifuentes} 8. d4 exd4 9. cxd4 Bb6
10. e5 Nd5 11. Bxh7+ $1 Kxh7 12. Ng5+ Kg6 13. Qd3+ Kh5 14. Qh7+ {1-0
Huber-Lagler,S/Donaueschingen A2 (01) ;GER 04 1985}) 8. a4 (8. d4 {Cifuentes}
Bb6 9. dxe5 $5 (9. h3 O-O 10. Bg5 h6 11. Bh4 Qe7 (11... g5 12. Nxg5 $5) 12. a4
Bd7 13. d5 Na5 $5 14. Nbd2 Kh8 15. b4 Nb7 16. c4 g5 17. Bg3 Nh5 18. Kh2 Nf4 19.
cxb5 axb5 20. a5 Ba7 21. Bxf4 gxf4 22. Qe2 Rg8 23. Bd3 Rg6 24. Bxb5 Rag8 25.
Rg1 Bc8 26. g4 $6 fxg3+ 27. Rxg3 Qf6 $1 $15 {Shirov,A-Onischuk,A/Koop Tjuchem
Groningen 1996}) (9. Be3 O-O 10. Nbd2 Ng4 11. Bg5 f6 12. Bh4 exd4 13. Bb3+ Kh8
14. Bd5 Bd7 15. Nxd4 Nge5 $11) 9... Nxe5 $5 (9... dxe5 10. Qxd8+ Kxd8 11. a4
Bb7 12. axb5 axb5 13. Rxa8+ Bxa8 14. Na3 $16 {Lhagvasuren,C-Salleh,H/ASIA-chT
1995}) 10. Nxe5 dxe5 11. Qxd8+ Kxd8 12. Bg5 Ke7 13. Nd2 h6 14. Bh4 g5 15. Bg3
Nd7 16. Rfe1 Bb7 17. Nf1 h5 18. h4 g4 19. Ne3 f6 20. Nf5+ Kf8 21. Rad1 $14 {
Sorokina,A-Leclair,M/ Duisburg 1992}) (8. h3 {Cifuentes} O-O 9. a4 Bb7 10. d4
Bb6 11. axb5 (11. Bg5 $6 exd4 12. cxd4 Nb4 13. Nc3 Nxc2 14. Qxc2 b4 15. Nd5
Bxd5 16. exd5 a5 17. Qc6 h6 18. Bxf6 Qxf6 19. Rae1 Bxd4 20. Nxd4 Qxd4 21. Qxc7
Qxd5 22. Rd1 Qb3 23. Rxd6 Qxa4 24. Qc4 Rac8 25. Qd5 Rb8 26. Ra6 Qc2 27. b3 Rfd8
28. Qxa5 Qxb3 29. Qc7 Rdc8 30. Qd6 Qc2 31. Rb6 Rxb6 32. Qxb6 b3 {0-1 Hardt,
B-Lenhardt,S/Koblenz op (01) ;EXT 90op2 1990}) 11... axb5 12. Rxa8 Bxa8 13.
dxe5 Nxe5 14. Nxe5 dxe5 15. Qe2 Bc6 16. Na3 Qa8 17. Re1 {1/2-1/2 Leko,P-Shirov,
A/Groningen(11) 1996}) 8... Bg4 (8... Rb8 $14) 9. h3 Bh5 (9... Bxf3 10. Qxf3
O-O 11. b4 Bb6 12. d3 $16) 10. b4 Bb6 11. d3 (11. axb5 $5 axb5 12. Rxa8 Qxa8
13. Na3 Qa6 14. Qe2 $5 $14 (14. Nxb5 $2 Qxb5 15. Ba4 Qc4 16. d3 Qxc3 17. Qd2
Qxd2 18. Bxc6+ Ke7 $17)) 11... O-O 12. axb5 (12. g4 Nxg4 13. hxg4 Bxg4 $44) (
12. Nbd2 {Cifuentes} d5 $1 $11) 12... axb5 13. Rxa8 Qxa8 14. Na3 (14. Bg5 {
Cifuentes} Nd8 $5 {/\Ne6 xf4} 15. Bxf6 gxf6 16. g4 Bg6 17. Nh4 Ne6 18. Kh2 (18.
Ng2 d5 $1) 18... Nf4 19. Ng2 Nxg2 20. Kxg2 f5 $1 21. Nd2 fxe4 22. dxe4 f5 $1 (
22... Qc6 $6 {Van der Wiel,J-Atalik,S/Wijk aan Zee (B) 1997}) 23. Bb3+ Kh8 24.
Bd5 c6 25. exf5 Bxf5 $1 26. Be4 Be6 $1 27. Qc2 Qb7 $15) 14... Qa6 15. Bb3 Nd8
16. g4 $1 Bg6 17. Nh4 Ne6 18. Nc2 $1 $146 {N} (18. Nf5) (18. Nf5 {Cifuentes} c5
19. Nxd6 $5 (19. Nc2 $2 c4 $1 (19... Bd8 $2 20. c4 cxb4 21. Nxb4 Qb6 22. Be3
Nc5 23. Qb1 Bxf5 24. gxf5 Qb7 25. Ba2 g6 26. Bh6 Re8 27. cxb5 Qxb5 28. Kh2 Qd7
29. Rg1 Kh8 30. Bc4 $16 {Polgar,J-Topalov,V/Dos Hermanas(8) 1997}) 20. dxc4
bxc4 21. Qe2 Nxe4 $1 $15) 19... cxb4 20. cxb4 Bxf2+ 21. Rxf2 Qxd6 22. Nxb5 Qxb4
23. Bxe6 $1 Qxb5 (23... fxe6 24. Ba3 Qxb5 25. Bxf8 Kxf8 26. g5 $18) 24. Bc4 Qc5
25. Qb3 $14) 18... c5 (18... c6 $5 {/\d6-d5}) 19. c4 $1 $14 Nf4 $6 (19... bxc4
20. Bxc4 Qa4 21. b5 $14) (19... bxc4 $5 {Cifuentes}) 20. bxc5 $6 (20. Bxf4 $1 {
Cifuentes} exf4 21. Ng2 $16) 20... Bxc5 21. Qf3 $4 (21. cxb5 Qxb5 22. Bc4 Qa4
$11) 21... Bxe4 $1 22. dxe4 bxc4 $19 23. Bxf4 cxb3 24. g5 (24. Qxb3 exf4 $19 (
24... exf4 {Cifuentes} 25. Re1 Re8 $17)) 24... bxc2 $6 (24... Nd7 $142 25. Qxb3
exf4 26. Nf5 Qe2 $19) 25. gxf6 exf4 26. Rc1 (26. Qg4 Qxf1+) (26. Qxf4 {
Cifuentes} Qxf1+ $1 27. Kxf1 Ba3 $19) 26... g6 (26... Rb8 27. Kh2 $132) 27. Nf5
$1 Rb8 28. Kh2 (28. Rxc2 Qa1+ 29. Kh2 Qxf6 $19) (28. Ne7+ $1 Kf8 29. Rxc2 Qa1+
(29... Rb1+ 30. Kh2 Qf1 31. Qg2 $13 (31. Qg2 Qd3 32. Qg4 $8)) 30. Kh2 Qxf6 31.
Nd5 Qa1 (31... Qe5 {Cifuentes} 32. Qxf4 $15) 32. Qxf4 Rb1 33. Qf3 Re1 $17)
28... Qc4 $19 (28... Kh8 $5 29. Nh6 $140 Qc4 30. Qxf4 Rb1 31. Qg4 Bd4 $19) 29.
Nh6+ (29. Ne7+ Kf8 30. Qxf4 Ba3 31. Qh6+ Ke8 32. Nxg6 hxg6 33. Qh8+ Kd7 34.
Qxb8 Bxc1 35. Qb7+ Qc7 36. Qb5+ Qc6 $19) 29... Kf8 30. e5 dxe5 31. Qc6 f3 $1
32. Qxf3 Bd6 33. Kg2 Rc8 $138 34. Kg1 e4 35. Qe3 Qc5 36. Qd2 Qc7 37. Qd5 Qd7
38. Kg2 Qe6 39. Qb7 Rc7 40. Qb2 Be5 41. Qb8+ Rc8 42. Qb4+ Bd6 43. Qb7 Rb8 (
43... Bf4 44. Nxf7 Bxc1 45. Nd6 Bh6 $19) 44. Qc6 Qxf6 $19 45. Ng4 Qf3+ 46. Kg1
Qd1+ 47. Kg2 Rb1 48. Qc8+ Ke7 0-1